I am David / (Record no. 546)

MARC details
000 -LEADER
fixed length control field 01098cam a2200301 a 4500
005 - DATE AND TIME OF LATEST TRANSACTION
control field 20241122145450.0
020 ## - INTERNATIONAL STANDARD BOOK NUMBER
International Standard Book Number 0152051619 (hc)
020 ## - INTERNATIONAL STANDARD BOOK NUMBER
International Standard Book Number 9781405288736
020 ## - INTERNATIONAL STANDARD BOOK NUMBER
International Standard Book Number 0152051600 (pbk.)
040 ## - CATALOGING SOURCE
Original cataloging agency DLC
Transcribing agency DLC
Modifying agency DLC
Language of cataloging eng
050 00 - LIBRARY OF CONGRESS CALL NUMBER
Classification number PZ7.H7322
Item number Iae 2004
082 00 - DEWEY DECIMAL CLASSIFICATION NUMBER
Classification number [Fic]
Edition number 22
100 1# - MAIN ENTRY--PERSONAL NAME
Personal name Holm, Anne,
Dates associated with a name 1922-
245 10 - TITLE STATEMENT
Title I am David /
Statement of responsibility, etc. Anne Holm ; translated from the Danish by L.W. Kingsland.
250 ## - EDITION STATEMENT
Edition statement This edition published 2018 by Egmont UK Limited
260 ## - PUBLICATION, DISTRIBUTION, ETC.
Place of publication, distribution, etc. London :
Name of publisher, distributor, etc. Egmont.
Date of publication, distribution, etc. 2004.
300 ## - PHYSICAL DESCRIPTION
Extent 239 pages ;
Dimensions 20 cm.
500 ## - GENERAL NOTE
General note Previously published under title: North to freedom.
505 ## - FORMATTED CONTENTS NOTE
Formatted contents note Q
520 ## - SUMMARY, ETC.
Summary, etc. After escaping from an Eastern European concentration camp where he has spent most of his life, a twelve-year-old boy struggles to cope with an entirely strange world as he flees northward to freedom in Denmark.
521 ## - TARGET AUDIENCE NOTE
Target audience note 910 <br/>
Source Lexile<br/>
521 ## - TARGET AUDIENCE NOTE
Target audience note Q<br/>
Source Raz-Plus<br/>
650 #1 - SUBJECT ADDED ENTRY--TOPICAL TERM
Topical term or geographic name entry element Refugees
Form subdivision Fiction.
700 1# - ADDED ENTRY--PERSONAL NAME
Personal name Kingsland, L. W.
Relator term Translator
906 ## - LOCAL DATA ELEMENT F, LDF (RLIN)
a 7
b cbc
c orignew
d 1
e ocip
f 20
g y-gencatlg
942 ## - ADDED ENTRY ELEMENTS (KOHA)
Source of classification or shelving scheme Dewey Decimal Classification
Koha item type Books
Suppress in OPAC No
999 ## -
-- 546
-- 546
Holdings
Withdrawn status Lost status Source of classification or shelving scheme Damaged status Not for loan Collection Home library Current library Shelving location Date acquired Total Checkouts Full call number Barcode Date last seen Copy number Price effective from Koha item type
    Dewey Decimal Classification     Fiction Footprints International School Library Network Toul Kork Campus Footprints International School Library Network Toul Kork Campus A TK Campus, 4th Floor, Room B401, Fiction Bookcases (1-6) 06/16/2023   HOL Fic PZ7.H73 2023-0095 06/16/2023 1 06/16/2023 Books
    Dewey Decimal Classification     Fiction Footprints International School Library Network Toul Kork Campus Footprints International School Library Network Toul Kork Campus A TK Campus, 4th Floor, Room B401, Fiction Bookcases (1-6) 06/16/2023   HOL Fic PZ7.H73 FISSE02523 01/23/2024 2 06/16/2023 Books
    Dewey Decimal Classification     Fiction Footprints International School Library Network Toul Kork Campus Footprints International School Library Network Toul Kork Campus TTP Secondary Fiction Bookshelves 06/16/2023   HOL Fic PZ7.H73 FISSE03057 11/22/2024 3 06/16/2023 Books